La Ilíada

সংরক্ষণ করুন:
গ্রন্থ-পঞ্জীর বিবরন
প্রধান লেখক: Homero (autor)
বিন্যাস: গ্রন্থ
ভাষা:স্প্যানিশ
প্রকাশিত: Barcelona RBA Coleccionables 1999
মালা:Historia de la Literatura
বিষয়গুলি:
ট্যাগগুলো: ট্যাগ যুক্ত করুন
কোনো ট্যাগ নেই, প্রথমজন হিসাবে ট্যাগ করুন!

MARC

LEADER 00000nam a2200000 a 4500
001 UCH8415
003 CL-VaPUC
008 091127e19990000SP |||||||||||||||||spa|d
020 |a 8447301176 Historia de la Literatura 
020 |a 8447303845 La Ilíada 
082 0 4 |a 883  |b HOM  |2 21 
100 |a Homero   |e autor  |9 265577 
245 1 3 |a La Ilíada 
300 |a 472 p 
942 |c BK 
945 |d 20091127 00:00:00 
260 |a Barcelona  |b RBA Coleccionables  |c 1999 
650 7 |a POESIA EPICA GRIEGA  |2 CL-VaPUC  |9 265215 
583 |a last modification  |c 20091127 00:00:00  |k Rodrigo Vera 
490 0 |a Historia de la Literatura 
999 |c 338629  |d 338627